The freshwater fishes and fisheries of Nigeria
Saved in:
| Main Author: | |
|---|---|
| Format: | Book |
| Language: | English |
| Published: |
Macmillan Publishers
2007
|
| Tags: |
Add Tag
No Tags, Be the first to tag this record!
|
MARC
| LEADER | 00000nam a22000007a 4500 | ||
|---|---|---|---|
| 008 | 201214b ||||| |||| 00| 0 eng d | ||
| 020 | |a 978-978-018-362-2 | ||
| 100 | |a ADESULU, E. A. |a Sydenham, D. H. J. | ||
| 245 | |a The freshwater fishes and fisheries of Nigeria |c E. A. Adesulu [and] D. H. J. Sydenham |g ix, 97p.; ill. | ||
| 260 | |b Macmillan Publishers |c 2007 |h Lagos |i 691854 |l QL635 .N5Ad3 |m Freshwater fishes – Nigeria |m Fisheries – Nigeria – Congress |m Aquaculture – Nigeria – Congress | ||
| 500 | |a It includes bibliographical references and index | ||
| 942 | |a lcc |c BK |e Kuteyi, M. A. |f 14/12/2020 | ||
| 952 | |0 0 |1 0 |2 lcc |4 0 |6 QL0635 N5 A D3 |7 0 |9 478 |a HOL |b HOL |c QZ |d 2020-12-14 |l 0 |o QL635 .N5Ad3 |p 2020-2207 |r 2020-12-14 00:00:00 |w 2020-12-14 |y BK | ||
| 999 | |c 245 |d 245 | ||